| 000 | 01094nam a2200229 i 4500 | ||
|---|---|---|---|
| 001 | 150917 | ||
| 003 | ES-MaACL | ||
| 005 | 20250929063214.0 | ||
| 007 | t| | ||
| 008 | 071120s1859 sp |||| | spa d | ||
| 100 | 1 |
_aBayard, Jean-François-Alfred, _d1796-1853 _926649 |
|
| 245 | 1 | 3 |
_aEl marqués y el marquesito _b: comedia en tres actos y en prosa / _cdel celebre Bayard ; traducida del francés por Luis Mariano de Larra. |
| 260 |
_aMadrid : _b[s.n.], _c1859 ( _fImp. de José Rodríguez) |
||
| 300 |
_a60 p. ; _c19 cm. |
||
| 500 | _aEn port.: Estrenada en el Teatro de Lope de Vega, el día 24 de diciembre de 1859. | ||
| 530 | _aDisponible en formato digital. | ||
| 700 | 1 |
_aLarra y Wetoret, Luis Mariano de, _d1830-1901 _970289 |
|
| 852 |
_aES-MaACL _jT-418-F-13 |
||
| 852 |
_aES-MaACL _jF-8612(1) _q- Enc. en un vol. facticio formando parte de la col. facticia "Teatro español moderno", v. 67 |
||
| 856 |
_uhttp://bibliotecavirtualmadrid.org/bvmadrid_publicacion/i18n/consulta/registro.do?id=4144 _zBiblioteca Digital de la Comunidad de Madrid |
||
| 999 |
_c150917 _d150917 |
||